|
|
|
|
| LEADER |
00000nam a2200000 a 4500 |
| 001 |
vtls008182421 |
| 003 |
SK-MaSNL |
| 005 |
20260301102209.0 |
| 008 |
240314 000 0 eng |
| 040 |
|
|
|a SNK
|b slo
|c SNK
|e AACR2
|
| 100 |
1 |
|
|a Cervantes Saavedra, Miguel de,
|d 1547-1616
|4 aut
|9 108302
|
| 245 |
1 |
0 |
|a Duchaplný rytíř Don Quijote de la Mancha
|n díl 2
|
| 250 |
|
|
|a 2. vyd.
|
| 260 |
|
|
|a Praha
|b Družstevní práce
|c 1931
|
| 300 |
|
|
|a 771 s.
|
| 999 |
|
|
|c 691502
|d 693432
|
| 952 |
|
|
|a SNK
|b SNK
|y VYP
|7 0
|p 17A0473344
|o snkID 29542/2
|i snkK 119/62
|3 Rekatalogizácia
|0 0
|1 0
|4 0
|d 2005-07-02
|l 0
|r 2026-02-23 20:29:24
|w 2026-02-23
|